| 000 | 03682cam a22005294i 4500 | ||
|---|---|---|---|
| 003 | PE-LiUPU | ||
| 005 | 20250731175625.0 | ||
| 008 | 170717t20172009miu r 000 0 grc d | ||
| 020 | _a1540960439 | ||
| 020 | _a9781540960436 | ||
| 035 | _a(Sirsi) i9781540960436 | ||
| 035 | _a(OCoLC)993652480 | ||
| 040 |
_aYDX _beng _erda _cYDX _dBTCTA _dBDX _dLPU _dPE-LiUPU |
||
| 041 | 0 |
_aeng _agrc |
|
| 049 | _aPRUA | ||
| 050 | 0 | 0 |
_aPA817 _b.H4 2009 |
| 082 | 0 | 4 |
_a487.4 _bH49 _222 |
| 100 | 1 |
_aHewett, James Allen, _eautor. |
|
| 245 | 1 | 0 |
_aNew Testament Greek : _ba beginning and intermediate grammar / _cJames Allen Hewett ; revised and expanded by C. Michael Robbins and Steven R. Johnson. |
| 264 | 1 |
_aGrand Rapids, Michigan : _bBaker Academic, _c2017. |
|
| 300 |
_axxiii, 326 páginas ; _c24 centímetros |
||
| 300 | _a1 CD-ROM | ||
| 336 |
_atext _2rdacontent |
||
| 337 |
_aunmediated _2rdamedia |
||
| 338 |
_avolume _2rdacarrier |
||
| 504 | _aIndice : páginas 313-322. | ||
| 505 | 0 | _aTraditional components of grammar -- Meaning -- Alphabet, orthography, and punctuation -- Verbal system: Primary active endings and tenses, indicative mood -- Nominal and abstracts systems: Second declension: the verb eiui -- Nominal systems: First declension; conditional sentences -- Nominal system; personal and relative pronouns -- Nominal system; Demonstrative and reflexive pronouns -- Structural word system: Prepositions; compound verbs -- Verbal system: Secondary active endings and tenses; imperfect tense; imperfect of eiui; second-class conditional sentences with the imperfect; abstracts system; adverbs -- Verbal system: Aorist tense, active and passive voices -- Verbal system: Perfect and Pluperfect active; second-class conditional sentences with the Aorist -- Verbal system: Primary middle endings, indicative mood; deponent verbs; future of eiui; nominal system; reciprocal pronouns -- Verbal system: Secondary-tense endings for middle/passive voice, indicative mood -- Nominal system: third-declension masculine and feminine nouns; interrogative and indefinite pronouns -- Nominal and abstracts systems: Third-declension neuter nouns; adjectives and numerals -- Verbal system; contract verbs; liquid verbs; abstracts system: comparative and superlative forms -- Verbal system: mt verbs -- participles; formation and participles -- Functions of participles: Adjectival -- Functions of participles: Adverbial and complementary; genitive absolute; periphrastic tenses -- Verbal system: the subjunctive mood -- Verbal system: Infinitives; indirect discourse -- Verbal system: Imperative mood; optative mood; fourth-class conditional sentences -- Nominal system: uses of the genitive, dative, and accusative cases. | |
| 526 | _aP145 | ||
| 526 | _aP127 | ||
| 526 | _aP97 | ||
| 526 | _aP35 | ||
| 526 | _aP14 | ||
| 526 | _aP07 | ||
| 650 | 0 |
_aLengua griega, Bíblica _xGramática. |
|
| 650 | 0 | _aBiblia. Nuevo Testamento. - Idioma, estilo. | |
| 650 | 0 |
_aGreek language, Biblical _xGrammar. |
|
| 650 | 0 | _aBible. N.T. --Language, style. | |
| 700 | 1 |
_aJohnson, Steven R., _d1961-, _erevisor. |
|
| 700 | 1 |
_aRobbins, C. Michael, _d1955-, _erevisor. |
|
| 910 |
_adbm _bncf _cncf _d20171218 |
||
| 942 |
_2ddc _cBOOK |
||
| 949 |
_a487.4 H49 _wDEWEY _c1 _i77630 _lCATALOGING _mBUL _p21.50 _r0 _sY _tBOOK _u2017-12-18 _xPOSGRADO _PP85 _0DONACION _o.STAFF. Colección Teología. |
||
| 994 |
_aC0 _bPEPRU |
||
| 596 | _a1 | ||
| 999 |
_a487.4 H49 _wDEWEY _c26223 _i77630 _d26223 _f2021-11-11 _g4 _lCCODEBUL1 _mBUL _p21.50 _q1 _r0 _sY _tBOOK _u2017-12-18 _xTEOLOGIA _PP85 _0COMPRA _o.STAFF. Colección Teología. |
||
| 980 |
_81 _gALBERTO SANCHEZ Responsable de Automatización |
||